100 ਪੰਜਾਬੀ ਪਕਵਾਨ / (Record no. 111152)

MARC details
000 -LEADER
fixed length control field 00953nam a22002297a 4500
010 ## - LIBRARY OF CONGRESS CONTROL NUMBER
LC control number A-553345
035 ## - SYSTEM CONTROL NUMBER
System control number A-553345
037 ## - SOURCE OF ACQUISITION
Stock number Cen Lib / Ret
040 ## - CATALOGING SOURCE
Original cataloging agency DPL
Language of cataloging PN
082 ## - DEWEY DECIMAL CLASSIFICATION NUMBER
Classification number 641.5
Item number ਬਿਮਲ
100 ## - MAIN ENTRY--PERSONAL NAME
Personal name ਬਿਮਲ ਐਮ. ਸਿੰਘ
9 (RLIN) 113765
245 ## - TITLE STATEMENT
Title 100 ਪੰਜਾਬੀ ਪਕਵਾਨ /
Statement of responsibility, etc ਬਿਮਲ ਐਮ. ਸਿੰਘ
246 ## - VARYING FORM OF TITLE
Title proper/short title One Hundred Punjabi pakwan / (100 Easy to make punjabi dishes) /
Remainder of title by Bimal M. Singh
260 ## - PUBLICATION, DISTRIBUTION, ETC. (IMPRINT)
Place of publication, distribution, etc ਨਵੀ ਦਿੱਲੀ
Name of publisher, distributor, etc ਪੰਜਾਬੀ ਅਕਾਦਮੀ
Date of publication, distribution, etc 1989
270 ## - ADDRESS
Address ਪੰਜਾਬੀ ਅਕਾਦਮੀ
City ਨਵੀ ਦਿੱਲੀ
300 ## - PHYSICAL DESCRIPTION
Extent 164p ;
Other physical details 24cm
650 ## - SUBJECT ADDED ENTRY--TOPICAL TERM
Topical term or geographic name as entry element ਕੁੱਕਰੀ, ਪੰਜਾਬੀ.
9 (RLIN) 133658
650 ## - SUBJECT ADDED ENTRY--TOPICAL TERM
Topical term or geographic name as entry element Cookery, Punjabi.
9 (RLIN) 133659
650 ## - SUBJECT ADDED ENTRY--TOPICAL TERM
Topical term or geographic name as entry element ਕੁੱਕਰੀ, ਪੰਜਾਬੀ - ਭਾਰਤ
9 (RLIN) 133660
650 ## - SUBJECT ADDED ENTRY--TOPICAL TERM
Topical term or geographic name as entry element Cookery, Punjabi -- India
9 (RLIN) 133661
942 ## - ADDED ENTRY ELEMENTS (KOHA)
Source of classification or shelving scheme Dewey Decimal Classification
Koha item type Punjabi Bks
Classification part 641.5
Call number suffix ਬਿਮਲ
Holdings
Withdrawn status Lost status Damaged status Not for loan Home library Current library Date acquired Source of acquisition Total Checkouts Full call number Barcode Date last seen Copy number Price effective from Koha item type
        Central Library Central Library 15/02/2016 Cen Lib/Ret   641.5 ਬਿਮਲ A-553345 15/02/2016 1 15/02/2016 Punjabi Bks

© Delhi Public Library
Hit Counter
free hit counter